MARC

LEADER 00000nam0a2200000 4500
001 271257
005 20231101234423.0
035 |a (RuTPU)RU\TPU\book\294438 
090 |a 271257 
100 |a 20141006d1987 k y0rusy50 ca 
101 0 |a rus 
102 |a UZ 
105 |a a z 000zy 
200 1 |a Релятивистская кинематика и моделирование  |f Н. Ш. Саидханов, В. М. Чудаков  |g Академия наук Узбекской ССР (АН УзССР), Физико-технический институт ; под ред. С. А. Азимова 
210 |a Ташкент  |c Фан  |d 1987 
215 |a 192 с.  |c ил. 
606 1 |a Элементарные частицы  |x Взаимодействие при высоких энергиях  |2 stltpush  |3 (RuTPU)RU\TPU\subj\21086  |9 46128 
606 1 |a Элементарные частицы, релятивистские  |x Дифракционное излучение  |2 stltpush  |3 (RuTPU)RU\TPU\subj\71176  |9 85201 
610 1 |a ядерная физика 
610 1 |a релятивистская кинематика 
610 1 |a специальная теория относительности 
610 1 |a распады 
610 1 |a ядерные процессы 
610 1 |a моделирование 
610 1 |a тахионы 
610 1 |a математическая статистика 
675 |a 539.17  |v 3 
675 |a 539.121.7  |v 3 
700 1 |a Саидханов  |b Н. Ш.  |g Насыр Шакирович 
701 1 |a Чудаков  |b В. М.  |g Виктор Михайлович 
702 1 |a Азимов  |b С. А.  |4 340 
712 0 2 |a Академия наук Узбекской ССР (АН УзССР)  |b Физико-технический институт  |2 stltpush  |3 (RuTPU)RU\TPU\col\13582 
801 1 |a RU  |b 63413507  |c 20141006 
801 2 |a RU  |b 63413507  |c 20160325  |g RCR 
942 |c BK